000 00604cam a2200145 4500500
005 20260208005950.0
041 _afre
042 _adc
100 1 0 _aRey, Pierre-Louis
_eauthor
245 0 0 _aMARION SCHMID, Proust dans la décadence. Paris, Honoré Champion, « Recherches proustiennes », 2008. Un vol. 16,5 × 24 de 262 p.
260 _c2009.
500 _a49
786 0 _nRevue d'histoire littéraire de la France | 109 | 2 | 2009-06-05 | p. 449r-482r | 0035-2411
856 4 1 _uhttps://shs.cairn.info/revue-d-histoire-litteraire-de-la-france-2009-2-page-449r?lang=fr&redirect-ssocas=7080
999 _c1654608
_d1654608